Регионална библиотека "Любен Каравелов" - Русе

Социалният контрол и поведението на личността (Запис номер 155612)

MARC детайли
000 -Лидер
Контролно поле с фиксирана дължина nam a22 a 4500
003 - Код на организацията, давaща контролен номер
Контролно поле BLK
005 - Дата и час на последна редакция
Контролно поле 20221213191429.0
008 - Елементи от данни с фиксирана дължина
fixed length control field 180410b bul|||||r ||||||| ||bul||
010 ## - Наследен системен номер
LC control number KNG00162292000
040 ## - Източник на каталожния запис
Идентификатор на билиотеката - собственик на записа BLK
041 ## - Код за език
Код за езика на текст/звукозапис или на отделно заглавие Български
Код за езика КДБФ Български
080 ## - УДК
Текстов определител УДК Социално поведение. Девиантно поведение. Социална патология. Активност и пасивност, конвенционално поведение, мотивация, потребности, стремежи
УДК код - определител по УДК 316.62
УДК - код + определител 316.62
080 ## - УДК
Текстов определител УДК Общество (в цялост). Обществото като система. - Обществено развитие в цялост. Социология на отделните обществени системи
УДК код - определител по УДК 316.32
УДК - код + определител 316.32
100 1# - Редна дума - Автор
Автор Василева, Милка Данева
Авторска отговорност първи автор
R(LIN) 242550
139 ## - Редно поле
Редна дума Социалният контрол и поведението на личността
Авторски знак Соц - С 54
245 10 - Сведения за заглавието
Заглавие Социалният контрол и поведението на личността
Подзаглавни данни Моногр.
Редно поле (дума) Милка Данева Василева; ред. Васил Костадинов Проданов
257 ## - Страна на издаване
Страна на създаване/издаване България
260 ## - Област на издателските данни
Място на издаване, разпространение и проч. София
Име на издателя, разпространителя и проч. Партиздат
Година на издаване 1981
Печатница В. Търново : Д. Найденов
300 ## - Физическа характеристика
Страници 343 с.
Размери/Мащаб 20 см
380 ## - Жанр
Жанр Обществени науки
500 ## - Общи забележки
Забележка Други авт.: В. Вичев, Л. Десев, Ст. Ефремов, М. Лазаров, Б. Мизов, М. Мизов, К. Михайлов, В. Момов, В. Проданов, Ст. Наумова, Н. Пехливанова, К. Рамчев, М. Славчева, В. Тасев, Ст. Христова, Е. Чернокожева, отбелязани на гърба на загл. с. ; Други ред.: Д. Георгиев, В. Вичев, В. Момов ; Авт. К. Н. Михайлов е известен като Кирил Нешев, а авт. Колю Рамчев - като Кольо Радев Рамчев 1 215 тир. - Библиогр. под линия.
700 1# - Други автори (авторска отговорност)
Лично име Проданов, Васил Костадинов
Автороска отговорност (Описва отношението между автора и произведението) ред.
9 (RLIN) 366217
852 ## - Местоположение
Форматна сигнатура Цб 107280
Фондова буква Хранилище
856 4# - Електронен адрес и достъп
Електронен формат pdf - файл
Инструкция (цена за достъп) 0.00
Права за достъп disable
999 ## - СИСТЕМНИ КОНТРОЛНИ НОМЕРА
Koha biblionumber 155612
Koha biblioitemnumber 155612
942 ## - АРТИКУЛИ
Вид на библиотечния материал Книги
Скрит в OPAC Не
Koha issues (borrowed), all copies 3
Периодичен библиозапис Да
944 ## - СЪЗДАВАНЕ И РЕДАКЦИЯ на ЗАПИСА
Създаване/Редакция Създаване
Дата на регистрацията/редакция 19.06.2014
Статус, дата на статуса 19.06.2014 - от С1,Р / 19.06.2014
Служител, извършил регистрацията/редакцията Любка_Николова
944 ## - СЪЗДАВАНЕ И РЕДАКЦИЯ на ЗАПИСА
Създаване/Редакция Редакция
Дата на регистрацията/редакция 19.06.2014
Статус, дата на статуса 19.06.2014 - от С1,Р / 19.06.2014
Наличности
Код за отписване Код за изгубен артикул Източник на класификационната схема Код за повреда Коз за рестрикции Код за отдаване Артикулен № Име на библиотеката - собственик Име на библиотеката, в която се намира в момента Статус (Текущо местоположение) Дата на вписване в системата Местоположение - отдел Цена в лева Инвентарен номер Систематично азбучна сигнатура Баркод Номер на екземпляра Цена в евро Служебна бележка Служебен тип на артикула
  Не е изгубен Universal Decimal Classification Не е повреден само за читалня ползва се в читалня 260964 Регионална библиотека "Любен Каравелов" Русе Регионална библиотека "Любен Каравелов" Русе Хранилище 1981-01-01 Хранилище 2.38 321199 Цб 107280 120000321199 1 1.22 N: стар фонд Дата: 01.01.1981 Книги
Изтеглен Не е изгубен Universal Decimal Classification Не е повреден без рестрикции заемане за дома 260965 Регионална библиотека "Любен Каравелов" Русе Регионална библиотека "Любен Каравелов" Русе Заемна - подръчен фонд 1981-01-01 Заемна - подръчен фонд 2.38 321634 П 316.6/С 54 321634 2 1.22 N: стар фонд Дата: 01.01.1981 Дата инв: 21.03.2018 Бележки инв: П2018 Книги
Изтеглен Не е изгубен Universal Decimal Classification Не е повреден без рестрикции заемане за дома 260966 Регионална библиотека "Любен Каравелов" Русе Регионална библиотека "Любен Каравелов" Русе Заемна - подръчен фонд 1981-01-01 Заемна - подръчен фонд 2.38 321635 П 316.6/С 54 321635 3 1.22 N: стар фонд Дата: 01.01.1981 Дата инв: 02.02.2018 Бележки инв: П2018 Книги
Vip Innovations Ltd, Rousse, Bulgaria 2025